000 00425nam a2200157 4500
001 110095
003 ES-MaACL
005 20230906184956.0
007 t|
008 061121s1969 sp r ||||1| spa d
100 1 _aOraison, Marc.
_987144
245 1 0 _aPsicologĂ­a de nuestras relaciones /
_cMarc Oraison.
260 _aBilbao :
_bMensajero,
_c1969.
300 _a171 p. ;
_c20 cm.
852 _aES-MaACL
_jC-40014
_bR.71591
999 _c110095
_d110095